000 00317nam a2200133Ia 4500
008 191201s1998 xx 000 0 und d
082 _a677
_bTET
100 _aTELI, M D
245 0 _aTechnical Textile
260 _aN.Delhi
_bThe Textile Association
_c1998
300 _a135
650 _aB.Tech(TE)
942 _2ddc
_cBK
999 _c3436
_d3436